[Event "1st Tilburg Interpolis it"]
[Site "Tilburg NED"]
[Date "1977.09.23"]
[Round "1"]
[White "Balashov, Yury"]
[Black "Huebner, Robert"]
[Result "1/2-1/2"]
[WhiteElo "2565"]
[BlackElo "2600"]
[EventDate "1977.09.23"]
[PlyCount "47"]

1. e4 c6 2. c4 d5 3. cxd5 cxd5 4. exd5 Nf6 5. Nc3 Nxd5 6. Nf3 Nc6 7. d4 e6 8.
Bd3 Be7 9. O-O O-O 10. Re1 Nf6 11. a3 b6 12. Bc2 Ba6 13. Bg5 Rc8 14. Rc1 Nd5
15. Ne4 Bxg5 16. Nfxg5 h6 17. Nf3 Qe7 18. Nc3 Nxc3 19. bxc3 Rfd8 20. a4 Bc4 21.
Re3 Bd5 22. Qd3 g6 23. Rce1 Qf6 24. Qd2 1/2-1/2

[Event "1st Tilburg Interpolis it"]
[Site "Tilburg NED"]
[Date "1977.09.23"]
[Round "1"]
[White "Gligoric, Svetozar"]
[Black "Kavalek, Lubomir"]
[Result "1/2-1/2"]
[WhiteElo "2565"]
[BlackElo "2545"]
[EventDate "1977.09.23"]
[PlyCount "46"]

1. d4 Nf6 2. c4 g6 3. Nc3 Bg7 4. e4 d6 5. f3 O-O 6. Be3 a6 7. Bd3 Nbd7 8. Nge2
c5 9. O-O b6 10. Qd2 Bb7 11. Rac1 cxd4 12. Nxd4 e6 13. Rfd1 Re8 14. Bf1 Rc8 15.
Nb3 Bf8 16. Qf2 Qc7 17. Nd2 Qb8 18. Kh1 Bc6 19. Nb3 Be7 20. Nd4 Bb7 21. Nc2 Bd8
22. Bf4 Ne5 23. Qd4 Nxc4 1/2-1/2

[Event "1st Tilburg Interpolis it"]
[Site "Tilburg NED"]
[Date "1977.09.23"]
[Round "1"]
[White "Karpov, Anatoly"]
[Black "Timman, Jan"]
[Result "1/2-1/2"]
[WhiteElo "2690"]
[BlackElo "2590"]
[EventDate "1977.09.23"]
[PlyCount "106"]

1. e4 d6 2. d4 Nf6 3. Nc3 g6 4. Nf3 Bg7 5. Be2 O-O 6. O-O Bg4 7. Be3 Nc6 8. Qd2
e5 9. d5 Ne7 10. Rad1 Bd7 11. Ne1 Ng4 12. Bxg4 Bxg4 13. f3 Bd7 14. f4 Bg4 15.
Rb1 c6 16. h3 Bd7 17. fxe5 dxe5 18. d6 Nc8 19. Rd1 Nb6 20. b3 Be6 21. Ne2 Nd7
22. Nf3 f6 23. c4 Kh8 24. Kh1 Bg8 25. Ng3 c5 26. Bh6 a6 27. Rf2 b5 28. Bxg7+
Kxg7 29. Nf1 bxc4 30. bxc4 Bxc4 31. Ne3 Bg8 32. Nd5 Bxd5 33. Qxd5 Qb6 34. Rdf1
Rac8 35. Ng5 fxg5 36. Qe6 Kh6 37. Rf7 Qb5 38. Kh2 Rce8 39. Qg4 Qxf1 40. Rxf1
Rxf1 41. Qxd7 Rff8 42. Qc6 Rd8 43. Qxc5 Rf6 44. Qxe5 Rdxd6 45. a4 Rde6 46. Qd5
Re8 47. a5 Rf4 48. Qc6 Rexe4 49. Qxa6 Ra4 50. Qb6 Rf8 51. Qb5 Ra1 52. h4 gxh4
53. Qe5 Rff1 1/2-1/2

[Event "1st Tilburg Interpolis it"]
[Site "Tilburg NED"]
[Date "1977.09.23"]
[Round "1"]
[White "Miles, Anthony John"]
[Black "Hort, Vlastimil"]
[Result "1/2-1/2"]
[WhiteElo "2555"]
[BlackElo "2620"]
[EventDate "1977.09.23"]
[PlyCount "39"]

1. c4 Nf6 2. Nc3 g6 3. e4 d6 4. d4 Bg7 5. Be2 O-O 6. Nf3 e5 7. Be3 Ng4 8. Bg5
f6 9. Bc1 Nc6 10. h3 Nh6 11. O-O Nf7 12. Be3 Kh8 13. c5 f5 14. cxd6 Nxd6 15.
Nxe5 Nxe5 16. dxe5 Nxe4 17. Qc2 Nxc3 18. Qxc3 f4 19. Bd4 Be6 20. Bf3 1/2-1/2

[Event "1st Tilburg Interpolis it"]
[Site "Tilburg NED"]
[Date "1977.09.23"]
[Round "1"]
[White "Smyslov, Vassily"]
[Black "Olafsson, Fridrik"]
[Result "1/2-1/2"]
[WhiteElo "2595"]
[BlackElo "2560"]
[EventDate "1977.09.23"]
[PlyCount "38"]

1. c4 Nf6 2. Nf3 g6 3. Nc3 Bg7 4. d4 d6 5. g3 O-O 6. Bg2 c6 7. O-O Qa5 8. e4
Nbd7 9. Bd2 Qc7 10. Qe2 e5 11. d5 a5 12. Kh1 Nc5 13. Ne1 cxd5 14. exd5 Bf5 15.
f3 h5 16. Bg5 Qd7 17. Rd1 Rfe8 18. Bxf6 Bxf6 19. Ne4 Bxe4 1/2-1/2

[Event "1st Tilburg Interpolis it"]
[Site "Tilburg NED"]
[Date "1977.09.24"]
[Round "2"]
[White "Karpov, Anatoly"]
[Black "Miles, Anthony John"]
[Result "1-0"]
[WhiteElo "2690"]
[BlackElo "2555"]
[EventDate "1977.09.23"]
[PlyCount "49"]

1. c4 c5 2. Nf3 Nf6 3. Nc3 Nc6 4. d4 cxd4 5. Nxd4 e6 6. g3 Qb6 7. Nb3 Ne5 8. e4
Bb4 9. Qe2 a5 10. Be3 Qc6 11. f3 O-O 12. Nd4 Qa6 13. Ndb5 d5 14. Nc7 Qd6 15.
Nxa8 dxe4 16. fxe4 Nxe4 17. Rd1 Qc6 18. Bg2 Nxc4 19. Bd4 Bxc3+ 20. bxc3 f5 21.
O-O Ncd6 22. Nb6 e5 23. Nxc8 Rxc8 24. Bxe5 Qc5+ 25. Bd4 1-0

[Event "1st Tilburg Interpolis it"]
[Site "Tilburg NED"]
[Date "1977.09.25"]
[Round "3"]
[White "Gligoric, Svetozar"]
[Black "Andersson, Ulf"]
[Result "1/2-1/2"]
[WhiteElo "2565"]
[BlackElo "2565"]
[EventDate "1977.09.23"]
[PlyCount "112"]

1. d4 Nf6 2. c4 e6 3. Nc3 Bb4 4. e3 c5 5. Bd3 Nc6 6. Nf3 Bxc3+ 7. bxc3 d6 8. e4
e5 9. d5 Ne7 10. Nd2 Bd7 11. Nf1 Qc7 12. Ng3 O-O-O 13. O-O h6 14. Rb1 Rdf8 15.
f4 exf4 16. Rxf4 Ng6 17. Rf2 Kb8 18. Rfb2 Bc8 19. Nf5 Rhg8 20. Qf1 Nd7 21. Bd2
Re8 22. Be1 Nge5 23. Be2 f6 24. Bg3 Ka8 25. a4 Nf7 26. Bd3 Nde5 27. Bc2 Nd8 28.
Bd1 Ndf7 29. h4 Nd7 30. Bc2 Nde5 31. Ne3 Nd7 32. Rb5 Nde5 33. a5 Nd7 34. Ra1
Nde5 35. Qd1 Kb8 36. Rab1 Ka8 37. Ba4 Nd7 38. Qc2 Nde5 39. R1b2 Rd8 40. Qb1
Rde8 41. Bd1 a6 42. Rb6 Re7 43. Ba4 Nd8 44. Qd1 Ka7 45. Qb3 Rf8 46. Rb1 Rff7
47. Rf1 Rf8 48. Qa3 Ka8 49. Bc2 Nef7 50. Rbb1 Ka7 51. Ra1 Rg8 52. Rfb1 Ka8 53.
Qb3 Rf8 54. Bd1 Rg8 55. Qc2 Ka7 56. Qf2 Ka8 1/2-1/2

[Event "1st Tilburg Interpolis it"]
[Site "Tilburg NED"]
[Date "1977.09.25"]
[Round "3"]
[White "Miles, Anthony John"]
[Black "Timman, Jan"]
[Result "1/2-1/2"]
[WhiteElo "2555"]
[BlackElo "2590"]
[EventDate "1977.09.23"]
[PlyCount "56"]

1. Nf3 g6 2. e4 d6 3. d4 Nf6 4. Nc3 Bg7 5. Be2 O-O 6. O-O b6 7. Re1 Bb7 8. Bc4
Nxe4 9. Nxe4 d5 10. Bd3 dxe4 11. Bxe4 Bxe4 12. Rxe4 c5 13. Bg5 Qd5 14. Qd3 cxd4
15. Bxe7 Re8 16. Rae1 Nc6 17. c4 Qd7 18. Ba3 f5 19. Rxe8+ Rxe8 20. Rxe8+ Qxe8
21. Kf1 Bh6 22. b4 Bf8 23. b5 Bxa3 24. Qxa3 Ne5 25. Qd6 Nxc4 26. Qd5+ Qf7 27.
Qd8+ Qf8 28. Qd5+ Qf7 1/2-1/2

[Event "1st Tilburg Interpolis it"]
[Site "Tilburg NED"]
[Date "1977.09.25"]
[Round "3"]
[White "Sosonko, Gennadi"]
[Black "Karpov, Anatoly"]
[Result "1/2-1/2"]
[WhiteElo "2530"]
[BlackElo "2690"]
[EventDate "1977.09.23"]
[PlyCount "77"]

1. d4 Nf6 2. c4 e6 3. g3 d5 4. Bg2 dxc4 5. Nf3 a6 6. O-O Nc6 7. e3 Nb4 8. Ne5
c5 9. a3 Nbd5 10. dxc5 Qc7 11. Nxc4 Qxc5 12. b3 b5 13. Na5 Qc7 14. b4 Bb7 15.
e4 Nb6 16. Bf4 e5 17. Nxb7 Rc8 18. Qe2 Nfd7 19. Nc5 exf4 20. Nxa6 Qe5 21. Nd2
fxg3 22. hxg3 Be7 23. Nf3 Qh5 24. e5 Nc4 25. e6 fxe6 26. Qxe6 Qf7 27. Ng5 Qxe6
28. Nxe6 Kf7 29. Rfe1 Bf6 30. Rad1 Ndb6 31. Nac7 Nxa3 32. Nd5 Nac4 33. Nxb6
Nxb6 34. Rd6 Rb8 35. Nc7 Rhd8 36. Rxd8 Rxd8 37. Nxb5 Be7 38. Na7 Bxb4 39. Nc6
1/2-1/2

[Event "1st Tilburg Interpolis it"]
[Site "Tilburg NED"]
[Date "1977.09.27"]
[Round "4"]
[White "Andersson, Ulf"]
[Black "Balashov, Yury"]
[Result "1/2-1/2"]
[WhiteElo "2565"]
[BlackElo "2565"]
[EventDate "1977.09.23"]
[PlyCount "36"]

1. c4 Nf6 2. Nf3 b6 3. d4 e6 4. g3 Bb7 5. Bg2 Be7 6. O-O O-O 7. Nc3 d5 8. Ne5
Na6 9. cxd5 exd5 10. Qa4 Qe8 11. Qxe8 Rfxe8 12. Bg5 Ne4 13. Bxe7 Rxe7 14. e3 c5
15. Rfc1 cxd4 16. exd4 Nc7 17. a4 Ne6 18. Nf3 Rc8 1/2-1/2

[Event "1st Tilburg Interpolis it"]
[Site "Tilburg NED"]
[Date "1977.09.27"]
[Round "4"]
[White "Hort, Vlastimil"]
[Black "Gligoric, Svetozar"]
[Result "1/2-1/2"]
[WhiteElo "2620"]
[BlackElo "2565"]
[EventDate "1977.09.23"]
[PlyCount "39"]

1. c4 Nf6 2. Nc3 g6 3. d4 Bg7 4. e4 d6 5. Nf3 O-O 6. Be2 e5 7. Be3 exd4 8. Nxd4
Re8 9. f3 c6 10. Bf2 d5 11. exd5 cxd5 12. c5 Nc6 13. O-O Nh5 14. Qd2 Be5 15. g3
Ng7 16. Rfe1 Ne6 17. Nxe6 Bxe6 18. f4 Bxc3 19. bxc3 Bf5 20. Rad1 1/2-1/2

[Event "1st Tilburg Interpolis it"]
[Site "Tilburg NED"]
[Date "1977.09.27"]
[Round "4"]
[White "Karpov, Anatoly"]
[Black "Smyslov, Vassily"]
[Result "1/2-1/2"]
[WhiteElo "2690"]
[BlackElo "2595"]
[EventDate "1977.09.23"]
[PlyCount "126"]

1. e4 e5 2. Nf3 Nc6 3. Bb5 a6 4. Ba4 Nf6 5. O-O Nxe4 6. d4 b5 7. Bb3 d5 8. dxe5
Be6 9. c3 Bc5 10. Nbd2 O-O 11. Bc2 Bf5 12. Nb3 Bg4 13. Nxc5 Nxc5 14. Re1 Re8
15. Bf4 Bh5 16. Bg3 Ne6 17. Qd2 Ne7 18. Nh4 d4 19. Be4 c6 20. Qc2 Bg6 21. Rad1
Qb6 22. f4 d3+ 23. Qf2 Qxf2+ 24. Kxf2 Bxe4 25. Rxe4 Nc5 26. Rd4 Rad8 27. Kf3 h6
28. Bf2 Ne6 29. R4xd3 Rxd3+ 30. Rxd3 g5 31. f5 Nf4 32. Rd6 Ned5 33. Bd4 gxh4
34. Rxc6 f6 35. e6 Nh5 36. Rxa6 Ng7 37. Ke4 Ne7 38. Bxf6 Ngxf5 39. a4 bxa4 40.
Rxa4 Rd8 41. Ra7 Kf8 42. Rd7 Rc8 43. b4 Ke8 44. Ra7 Nd6+ 45. Kd3 Nd5 46. Be5
Nb5 47. Rh7 Rc6 48. Rxh6 Nbxc3 49. Rxh4 Na2 50. b5 Rxe6 51. Rh5 Rg6 52. Bg3 Rg4
53. Kc2 Nab4+ 54. Kb3 Rd4 55. Bf2 Rd3+ 56. Ka4 Rd1 57. b6 Nc6 58. b7 Kd7 59.
Bg3 Nde7 60. Rb5 Rd2 61. Rb3 Rxg2 62. Kb5 Rd2 63. h4 Nf5 1/2-1/2

[Event "1st Tilburg Interpolis it"]
[Site "Tilburg NED"]
[Date "1977.09.27"]
[Round "4"]
[White "Timman, Jan"]
[Black "Kavalek, Lubomir"]
[Result "1/2-1/2"]
[WhiteElo "2590"]
[BlackElo "2545"]
[EventDate "1977.09.23"]
[PlyCount "52"]

1. e4 c5 2. Nf3 e6 3. d3 Nc6 4. g3 g6 5. Bg2 Bg7 6. O-O Nge7 7. c3 e5 8. a3 O-O
9. b4 d6 10. Nbd2 b6 11. Nc4 a6 12. bxc5 bxc5 13. Rb1 Na5 14. Nxa5 Qxa5 15. Nd2
Be6 16. Nc4 Qc7 17. Bg5 f6 18. Bd2 Rfb8 19. Qa4 Bf8 20. Rxb8 Qxb8 21. f4 Kg7
22. f5 Bf7 23. g4 gxf5 24. gxf5 Ra7 25. Kh1 Kh8 26. d4 Ng8 1/2-1/2

[Event "1st Tilburg Interpolis it"]
[Site "Tilburg NED"]
[Date "1977.09.28"]
[Round "5"]
[White "Balashov, Yury"]
[Black "Hort, Vlastimil"]
[Result "1/2-1/2"]
[WhiteElo "2565"]
[BlackElo "2620"]
[EventDate "1977.09.23"]
[PlyCount "32"]

1. e4 c6 2. d4 d5 3. Nd2 dxe4 4. Nxe4 Nd7 5. Bc4 Ngf6 6. Nxf6+ Nxf6 7. c3 Qc7
8. Qb3 e6 9. Nf3 Bd6 10. Bg5 Nd5 11. O-O b6 12. Rfe1 O-O 13. Qc2 h6 14. Bh4 Ne7
15. Bxe7 Qxe7 16. Ne5 c5 1/2-1/2

[Event "1st Tilburg Interpolis it"]
[Site "Tilburg NED"]
[Date "1977.09.28"]
[Round "5"]
[White "Smyslov, Vassily"]
[Black "Miles, Anthony John"]
[Result "0-1"]
[WhiteElo "2595"]
[BlackElo "2555"]
[EventDate "1977.09.23"]
[PlyCount "74"]

1. c4 c5 2. Nf3 Nf6 3. Nc3 d5 4. cxd5 Nxd5 5. g3 g6 6. Bg2 Bg7 7. O-O Nc6 8.
Ng5 e6 9. Nge4 b6 10. d3 O-O 11. Bg5 f6 12. Bd2 Nde7 13. a3 f5 14. Ng5 h6 15.
Nh3 Bb7 16. b4 cxb4 17. axb4 Qd7 18. Qa4 Rfd8 19. Nf4 g5 20. Nh5 Bh8 21. h3 Nd4
22. Qd1 Bxg2 23. Kxg2 Rac8 24. Rc1 Nd5 25. Nxd5 Qxd5+ 26. f3 Rxc1 27. Bxc1 Rc8
28. Be3 Qa2 29. h4 Rc2 30. Rf2 f4 31. Bxd4 Bxd4 32. gxf4 Qb2 33. fxg5 Bxf2 34.
Kxf2 Rc1 35. Nf6+ Kf7 36. Qa4 Qd4+ 37. Kg3 Rg1+ 0-1

[Event "1st Tilburg Interpolis it"]
[Site "Tilburg NED"]
[Date "1977.09.29"]
[Round "6"]
[White "Andersson, Ulf"]
[Black "Kavalek, Lubomir"]
[Result "1/2-1/2"]
[WhiteElo "2565"]
[BlackElo "2545"]
[EventDate "1977.09.23"]
[PlyCount "38"]

1. c4 Nf6 2. Nf3 c6 3. Nc3 d5 4. d4 e6 5. cxd5 exd5 6. Qc2 Be7 7. Bg5 O-O 8. e3
Nbd7 9. Bd3 Re8 10. O-O Nf8 11. Ne5 Ng4 12. Bxe7 Qxe7 13. Nxg4 Bxg4 14. Rab1 a5
15. Rfc1 Bh5 16. a3 Bg6 17. b4 axb4 18. axb4 Bxd3 19. Qxd3 b5 1/2-1/2

[Event "1st Tilburg Interpolis it"]
[Site "Tilburg NED"]
[Date "1977.09.29"]
[Round "6"]
[White "Hort, Vlastimil"]
[Black "Huebner, Robert"]
[Result "1/2-1/2"]
[WhiteElo "2620"]
[BlackElo "2600"]
[EventDate "1977.09.23"]
[PlyCount "31"]

1. e4 c5 2. Nf3 e6 3. d4 cxd4 4. Nxd4 a6 5. Nc3 Qc7 6. Be2 b5 7. O-O Bb7 8. Bf3
Nc6 9. Nxc6 dxc6 10. Qe2 e5 11. a4 Nf6 12. Nd1 Bc5 13. Ne3 O-O 14. Nf5 Rfe8 15.
Rd1 Bc8 16. Ne3 1/2-1/2

[Event "1st Tilburg Interpolis it"]
[Site "Tilburg NED"]
[Date "1977.09.29"]
[Round "6"]
[White "Miles, Anthony John"]
[Black "Gligoric, Svetozar"]
[Result "1-0"]
[WhiteElo "2555"]
[BlackElo "2565"]
[EventDate "1977.09.23"]
[PlyCount "79"]

1. e4 c5 2. f4 Nc6 3. Nf3 Nf6 4. Nc3 d5 5. e5 d4 6. exf6 dxc3 7. fxg7 cxd2+ 8.
Qxd2 Bxg7 9. Qxd8+ Nxd8 10. Bb5+ Bd7 11. Bxd7+ Kxd7 12. c3 f5 13. Be3 Kc6 14.
O-O-O Nf7 15. Rhe1 Rad8 16. Rxd8 Rxd8 17. Bxc5 Kxc5 18. Rxe7 Rf8 19. Rxb7 Bf6
20. Rxa7 Kb6 21. Rd7 Kc6 22. Rd2 Nd6 23. Re2 h5 24. h4 Ne4 25. Ng5 Kd5 26. Kc2
Ra8 27. a3 Nd6 28. Re6 Bxg5 29. Re5+ Kc6 30. hxg5 h4 31. Kd3 Ra4 32. b4 Rxa3
33. Ra5 Rxa5 34. bxa5 Ne4 35. Kd4 Kd6 36. a6 Nc5 37. a7 Ne6+ 38. Kc4 Nc7 39. g6
Ke6 40. Kc5 1-0

[Event "1st Tilburg Interpolis it"]
[Site "Tilburg NED"]
[Date "1977.09.29"]
[Round "6"]
[White "Sosonko, Gennadi"]
[Black "Smyslov, Vassily"]
[Result "1/2-1/2"]
[WhiteElo "2530"]
[BlackElo "2595"]
[EventDate "1977.09.23"]
[PlyCount "81"]

1. d4 Nf6 2. c4 e6 3. g3 c5 4. d5 exd5 5. cxd5 d6 6. Nc3 g6 7. Bg2 Bg7 8. Nf3
O-O 9. O-O Re8 10. Bf4 Nh5 11. Bg5 Qd7 12. e4 b5 13. Re1 b4 14. Na4 Na6 15. h3
Bb7 16. a3 Nf6 17. Nd2 Nxd5 18. exd5 Rxe1+ 19. Qxe1 Qxa4 20. Qe7 Bxb2 21. Ra2
Bd4 22. Qxb7 Rb8 23. Qc6 b3 24. Qxa4 bxa2 25. Qxa6 a1=Q+ 26. Bf1 Qe1 27. Qe2
Qxe2 28. Bxe2 f6 29. Bh6 Kf7 30. Nc4 Ke7 31. Kg2 Rb3 32. Bd2 Rb1 33. Ba5 Rc1
34. Bd2 Ra1 35. Bd3 Kd7 36. h4 Ra2 37. Bb1 Ra1 38. Bd3 Rd1 39. h5 Bc3 40. hxg6
hxg6 41. Kf3 1/2-1/2

[Event "1st Tilburg Interpolis it"]
[Site "Tilburg NED"]
[Date "1977.10.01"]
[Round "7"]
[White "Balashov, Yury"]
[Black "Miles, Anthony John"]
[Result "0-1"]
[WhiteElo "2565"]
[BlackElo "2555"]
[EventDate "1977.09.23"]
[PlyCount "74"]

1. d4 d5 2. c4 dxc4 3. Nf3 Nf6 4. e3 Bg4 5. Bxc4 e6 6. Nc3 Nbd7 7. h3 Bh5 8.
Be2 Bd6 9. O-O O-O 10. e4 e5 11. dxe5 Nxe5 12. Nxe5 Bxe2 13. Qxe2 Bxe5 14. Bg5
Qe8 15. Rfe1 Bxc3 16. bxc3 Qe5 17. Qe3 Rfe8 18. f3 h6 19. Bf4 Qa5 20. Qd4 Rad8
21. Qc4 c6 22. Rab1 Rd7 23. Be3 Red8 24. Bd4 Nh5 25. Be3 Qe5 26. Qc5 Qxc5 27.
Bxc5 Rd2 28. Rxb7 Rxa2 29. Rxa7 Rc2 30. Be3 Rb8 31. g4 Ng3 32. Bf2 Ne2+ 33. Kf1
Rbb2 34. Raa1 Nf4 35. Bg3 Ng2 36. c4 Nxe1 37. Bxe1 Rb3 0-1

[Event "1st Tilburg Interpolis it"]
[Site "Tilburg NED"]
[Date "1977.10.01"]
[Round "7"]
[White "Kavalek, Lubomir"]
[Black "Hort, Vlastimil"]
[Result "1/2-1/2"]
[WhiteElo "2545"]
[BlackElo "2620"]
[EventDate "1977.09.23"]
[PlyCount "40"]

1. e4 c5 2. Nf3 d6 3. d4 cxd4 4. Nxd4 Nf6 5. Nc3 e6 6. Be2 Be7 7. O-O O-O 8. f4
Nc6 9. Be3 e5 10. Nb3 exf4 11. Rxf4 Be6 12. Kh1 d5 13. exd5 Nxd5 14. Nxd5 Qxd5
15. Qxd5 Bxd5 16. Rd1 Rfd8 17. c4 Be6 18. Nd4 Nxd4 19. Rfxd4 b6 20. Bf3 Rac8
1/2-1/2

[Event "1st Tilburg Interpolis it"]
[Site "Tilburg NED"]
[Date "1977.10.01"]
[Round "7"]
[White "Smyslov, Vassily"]
[Black "Timman, Jan"]
[Result "1/2-1/2"]
[WhiteElo "2595"]
[BlackElo "2590"]
[EventDate "1977.09.23"]
[PlyCount "118"]

1. e4 c5 2. Nf3 Nc6 3. d4 cxd4 4. Nxd4 Nf6 5. Nc3 d6 6. Be2 e5 7. Nf3 h6 8. O-O
Be7 9. b3 O-O 10. Bb2 a6 11. Nd2 Nd4 12. Bd3 b5 13. Re1 Bb7 14. Ne2 Ne6 15. Ng3
g6 16. c4 Qb6 17. Ngf1 Nc5 18. Bc2 a5 19. Qe2 bxc4 20. Nxc4 Qa7 21. Nfd2 Nh5
22. g3 Ng7 23. Rad1 Nge6 24. Nf3 Rad8 25. Qd2 Kh7 26. Qxa5 Qb8 27. b4 Nd7 28.
Ne3 Rc8 29. Bb1 Nf6 30. Nd5 Nxd5 31. exd5 Bd8 32. Qa3 Nc7 33. b5 Nxb5 34. Qb4
Rc5 35. Nxe5 Qc8 36. Nxg6 fxg6 37. Bxg6+ Kg8 38. Qe4 Qd7 39. Re3 Nc7 40. Rf3
Rxf3 41. Qxf3 Rxd5 42. Rc1 Rb5 43. Qc3 Re5 44. Qb4 Nd5 45. Qb3 Re2 46. Bh5 Rd2
47. Bc3 Rxf2 48. Kxf2 Bb6+ 49. Ke1 Qf5 50. Be2 Kf8 51. Bd2 Qf2+ 52. Kd1 Ne3+
53. Bxe3 Bxe3 54. Qd3 Qg1+ 55. Bf1 Bxc1 56. Kxc1 Bg2 57. Qxd6+ Kg7 58. Qe7+ Kg8
59. Qd8+ Kf7 1/2-1/2

[Event "1st Tilburg Interpolis it"]
[Site "Tilburg NED"]
[Date "1977.10.02"]
[Round "8"]
[White "Hort, Vlastimil"]
[Black "Olafsson, Fridrik"]
[Result "1/2-1/2"]
[WhiteElo "2620"]
[BlackElo "2560"]
[EventDate "1977.09.23"]
[PlyCount "55"]

1. c4 Nf6 2. Nc3 c5 3. Nf3 e6 4. g3 b6 5. Bg2 Bb7 6. O-O Be7 7. d4 cxd4 8. Qxd4
O-O 9. Rd1 Nc6 10. Qf4 Qb8 11. b3 d6 12. Bb2 a6 13. Ng5 Ne5 14. Bxb7 Qxb7 15.
Nce4 Ng6 16. Qf3 Nxe4 17. Nxe4 Qc7 18. Qc3 f6 19. Rd2 Ne5 20. Rad1 Rfd8 21. f4
Nf7 22. a4 Rac8 23. Qe3 Re8 24. Qf3 f5 25. Nf2 b5 26. cxb5 axb5 27. axb5 Qb6
28. e4 1/2-1/2

[Event "1st Tilburg Interpolis it"]
[Site "Tilburg NED"]
[Date "1977.10.02"]
[Round "8"]
[White "Smyslov, Vassily"]
[Black "Gligoric, Svetozar"]
[Result "1/2-1/2"]
[WhiteElo "2595"]
[BlackElo "2565"]
[EventDate "1977.09.23"]
[PlyCount "44"]

1. e4 c5 2. Nf3 d6 3. d4 cxd4 4. Nxd4 Nf6 5. Nc3 Nc6 6. Be2 e5 7. Nf3 h6 8. O-O
Be7 9. b3 O-O 10. Bb2 a6 11. Re1 b5 12. Bd3 Bb7 13. a4 b4 14. Ne2 Re8 15. Ng3
Bf8 16. Qe2 Qc7 17. Rad1 Nd8 18. Qd2 Qb6 19. c4 bxc3 20. Qxc3 Rc8 21. Bc4 Ne6
22. a5 Qc7 1/2-1/2

[Event "1st Tilburg Interpolis it"]
[Site "Tilburg NED"]
[Date "1977.10.02"]
[Round "8"]
[White "Sosonko, Gennadi"]
[Black "Balashov, Yury"]
[Result "1/2-1/2"]
[WhiteElo "2530"]
[BlackElo "2565"]
[EventDate "1977.09.23"]
[PlyCount "138"]

1. d4 Nf6 2. c4 c5 3. d5 g6 4. Nc3 Bg7 5. e4 d6 6. Nf3 O-O 7. Be2 e6 8. O-O Re8
9. Bf4 exd5 10. exd5 Na6 11. Qd2 Nc7 12. Rfe1 Bf5 13. h3 Ne4 14. Nxe4 Bxe4 15.
Ng5 h6 16. Nxe4 Rxe4 17. Bd3 Rxe1+ 18. Rxe1 g5 19. Bg3 Qf6 20. b4 Na6 21. b5
Nc7 22. Re4 b6 23. Qe2 Kf8 24. Qg4 Rd8 25. Kh2 Ne8 26. Re3 Qd4 27. Qf5 Be5 28.
Rxe5 dxe5 29. Bxe5 Qh4 30. g3 Qh5 31. g4 Qg6 32. Qf3 Qg8 33. d6 Rxd6 34. Bxd6+
Nxd6 35. Qf6 Ne8 36. Qxh6+ Ke7 37. h4 gxh4 38. Qxh4+ f6 39. Qg3 Nd6 40. Qe3+
Kd7 41. Qf4 Ke7 42. Kg3 Qe6 43. g5 fxg5 44. Qxg5+ Qf6 45. Qxf6+ Kxf6 46. Kf4
Ke6 47. Be2 Kf6 48. Bf1 Ke6 49. Be2 Kf6 50. Bd3 Ke6 51. f3 Kf6 52. Ke3 Kg5 53.
f4+ Kf6 54. Kf3 Ke6 55. Kg4 Kf6 56. Bf1 Ne4 57. Bg2 Nd6 58. Bd5 Nf5 59. Kf3 Nd6
60. Bg8 Kg7 61. Be6 Kf6 62. Bd5 Kf5 63. Bg8 Kf6 64. Kg4 Nf5 65. Kf3 Nd6 66. Ke3
Kg7 67. Bd5 Kf6 68. Kf3 Kf5 69. a3 Kf6 1/2-1/2

[Event "1st Tilburg Interpolis it"]
[Site "Tilburg NED"]
[Date "1977.10.03"]
[Round "9"]
[White "Andersson, Ulf"]
[Black "Hort, Vlastimil"]
[Result "1/2-1/2"]
[WhiteElo "2565"]
[BlackElo "2620"]
[EventDate "1977.09.23"]
[PlyCount "37"]

1. c4 Nf6 2. Nf3 c5 3. g3 b6 4. Bg2 Bb7 5. O-O Nc6 6. Nc3 g6 7. b3 Bg7 8. Bb2
O-O 9. e3 Rc8 10. Rc1 Ba8 11. Re1 Re8 12. Re2 d5 13. Nxd5 Nxd5 14. Bxg7 Kxg7
15. cxd5 Qxd5 16. d4 cxd4 17. Rec2 Red8 18. exd4 Bb7 19. Qd2 1/2-1/2

[Event "1st Tilburg Interpolis it"]
[Site "Tilburg NED"]
[Date "1977.10.03"]
[Round "9"]
[White "Gligoric, Svetozar"]
[Black "Timman, Jan"]
[Result "1/2-1/2"]
[WhiteElo "2565"]
[BlackElo "2590"]
[EventDate "1977.09.23"]
[PlyCount "132"]

1. d4 Nf6 2. c4 e6 3. Nc3 Bb4 4. e3 c5 5. Bd3 Nc6 6. Nf3 Bxc3+ 7. bxc3 d6 8. e4
e5 9. d5 Ne7 10. Nd2 Qa5 11. Qb3 O-O 12. O-O Nh5 13. g3 Bh3 14. Re1 Qc7 15. Qd1
g6 16. Nf1 Qd7 17. Bh6 Ng7 18. f4 Bxf1 19. Rxf1 Qh3 20. Bg5 f6 21. fxe5 fxg5
22. exd6 Qd7 23. dxe7 Qxe7 24. Qd2 Qe5 25. Bc2 Nh5 26. Rxf8+ Rxf8 27. Rf1 Nf6
28. d6 Kg7 29. d7 Rd8 30. Ba4 a6 31. Qf2 h5 32. Qf3 h4 33. Rd1 Qe6 34. gxh4
gxh4 35. Qf4 Qxc4 36. Rf1 Qe6 37. e5 Nxd7 38. Qxh4 Rf8 39. Bxd7 Rxf1+ 40. Kxf1
Qxd7 41. Qf6+ Kh7 42. e6 Qg7 43. Qd8 Qxc3 44. Qd7+ Kh6 45. e7 Qf3+ 46. Ke1 Qe3+
47. Kd1 Qf3+ 48. Kc2 Qe4+ 49. Kd2 Qf4+ 50. Kd3 Qf3+ 51. Kc4 Qe4+ 52. Kxc5 Qe3+
53. Kc4 Qe4+ 54. Kc3 Qe3+ 55. Kb2 Qe2+ 56. Kb3 Qe3+ 57. Ka4 Qc3 58. Qxb7 Qc4+
59. Ka5 Qxa2+ 60. Kb6 Qe6+ 61. Kc5 Qe5+ 62. Kc4 Qf4+ 63. Kd3 Qf1+ 64. Kd4 Qa1+
65. Ke3 Qg1+ 66. Kd3 Qd1+ 1/2-1/2

[Event "1st Tilburg Interpolis it"]
[Site "Tilburg NED"]
[Date "1977.10.03"]
[Round "9"]
[White "Huebner, Robert"]
[Black "Sosonko, Gennadi"]
[Result "1/2-1/2"]
[WhiteElo "2600"]
[BlackElo "2530"]
[EventDate "1977.09.23"]
[PlyCount "49"]

1. c4 Nf6 2. Nf3 e6 3. Nc3 Bb4 4. Qc2 c5 5. g3 Nc6 6. Bg2 O-O 7. O-O Qe7 8. d3
h6 9. a3 Ba5 10. Rb1 e5 11. e3 Bxc3 12. Qxc3 a5 13. Nh4 d6 14. b3 Rd8 15. f4
exf4 16. Rxf4 d5 17. Nf5 Bxf5 18. Rxf5 d4 19. Qe1 Re8 20. e4 Ng4 21. Rb2 Nge5
22. Qd1 Rab8 23. a4 f6 24. Bf1 Nd8 25. Rg2 1/2-1/2

[Event "1st Tilburg Interpolis it"]
[Site "Tilburg NED"]
[Date "1977.10.03"]
[Round "9"]
[White "Kavalek, Lubomir"]
[Black "Miles, Anthony John"]
[Result "1/2-1/2"]
[WhiteElo "2545"]
[BlackElo "2555"]
[EventDate "1977.09.23"]
[PlyCount "25"]

1. d4 d5 2. c4 dxc4 3. Nf3 Nf6 4. e3 Bg4 5. Bxc4 e6 6. O-O Nbd7 7. Be2 Bd6 8.
Nbd2 O-O 9. Nc4 Be7 10. b3 c5 11. Bb2 Rc8 12. Rc1 a6 13. dxc5 1/2-1/2

[Event "1st Tilburg Interpolis it"]
[Site "Tilburg NED"]
[Date "1977.10.04"]
[Round "10"]
[White "Miles, Anthony John"]
[Black "Olafsson, Fridrik"]
[Result "1-0"]
[WhiteElo "2555"]
[BlackElo "2560"]
[EventDate "1977.09.23"]
[PlyCount "84"]

1. c4 e6 2. Nc3 d5 3. d4 Bb4 4. e3 Nf6 5. Bd3 c5 6. Nf3 O-O 7. O-O Nc6 8. dxc5
Bxc5 9. a3 a6 10. b4 Ba7 11. Bb2 Qe7 12. Qe2 Bd7 13. Rad1 Rfd8 14. Bb1 dxc4 15.
Qxc4 Rac8 16. Qh4 Be8 17. b5 axb5 18. Nxb5 Bb8 19. Bxf6 Qxf6 20. Bxh7+ Kf8 21.
Qxf6 gxf6 22. Rxd8 Rxd8 23. Bc2 Na5 24. a4 Rc8 25. Bd3 f5 26. Rb1 Bc6 27. Nfd4
Bd5 28. f3 Be5 29. Kf2 Ke7 30. f4 Bf6 31. Rb2 Kd7 32. Rd2 Ke7 33. Rc2 Rxc2+ 34.
Bxc2 b6 35. Bd1 Nb7 36. Nc7 Be4 37. Na8 Kd6 38. Nxb6 Bd8 39. Nc4+ Kc5 40. Ne5
Kb4 41. Nxf7 Bb6 42. Nxe6 Kc3 1-0

[Event "1st Tilburg Interpolis it"]
[Site "Tilburg NED"]
[Date "1977.10.04"]
[Round "10"]
[White "Smyslov, Vassily"]
[Black "Huebner, Robert"]
[Result "1/2-1/2"]
[WhiteElo "2595"]
[BlackElo "2600"]
[EventDate "1977.09.23"]
[PlyCount "60"]

1. e4 c5 2. Nf3 e6 3. d4 cxd4 4. Nxd4 a6 5. Bd3 Bc5 6. Nb3 Ba7 7. O-O Nc6 8.
Qe2 d6 9. Be3 Bxe3 10. Qxe3 Nf6 11. N1d2 O-O 12. h3 Rb8 13. c4 Ne5 14. Be2 b6
15. Nd4 Qc7 16. Rac1 Ng6 17. b4 Bb7 18. Rc3 e5 19. N4b3 Nf4 20. Bf3 a5 21. a3
Ra8 22. Rb1 axb4 23. axb4 Ra4 24. Nc1 Ne6 25. Bd1 Ra6 26. Ne2 Rfa8 27. f3 h5
28. Nb3 Ra3 29. Nd2 R3a6 30. Nb3 Ra3 1/2-1/2